Sanat - "Poika saunoo" - Pasi Heinonen - Statistics

Yleistilastot
  • Tätä visaa on pelattu 198 kertaa
  • Keskiarvotulos 154 / 231
Vastaustilastot
Vastaus % Oikein
poik
100%
saunoo
100%
poika
99%
se
96%
Nyt
91%
nyt
91%
kotiin
89%
on
89%
On
89%
tullut
89%
huutaa
87%
meidän
84%
kannusta
81%
laulaa
78%
kylpee
76%
rällää
73%
samppanjaa
73%
mällää
69%
ja
67%
katseella
60%
he
46%
aika
44%
ei
44%
riekkuu
43%
kii
40%
juhlia
37%
sen
37%
alkaa
35%
vielä
35%
loppua
33%
valvoo
32%
herrojen
31%
kellosta
31%
kiima
31%
kuin
30%
oli
30%
tiima
30%
kodista
29%
omaa
29%
uudesta
29%
vitriinii
29%
ystävii
29%
kesää
28%
lastaan
28%
kunnes
27%
suutelee
27%
teljetty
27%
halaa
26%
koitoksii
26%
mennyttä
26%
muutama
26%
skarpata
26%
täytyy
26%
pelti
25%
tosi
25%
Kevään
24%
kuukausi
24%
nostaa
24%
poikaa
24%
saavat
24%
sotiin
24%
varmuutta
24%
aivan
23%
kapteeni
23%
syleillä
23%
kohta
21%
päästä
21%
vetää
21%
silmänsä
20%
aikaa
19%
ennen
19%
käsilleen
19%
tullessa
19%
viimesii
19%
yksin
19%
joulu
17%
miettien
17%
ystävät
17%
henkeä
16%
unen
16%
lepää
14%
naamat
14%
Syksyn
14%
jää
12%
vuosittain
12%
hyperlevoton
11%
vaihtuu
11%
raota
5%
saunooa
1%
Ehtoja vastaavia visoja ei löytynyt
Tulosjakauma
Jokaisen tuloksen saaneiden osuus
Persentiili vastausten määrän mukaan
Tuloshistoriasi
Et ole pelannut tätä visaa